Психология / (Record no. 428862)
[ view plain ]
| 000 -LEADER | |
|---|---|
| fixed length control field | 01225nam a2200253 a 4500 |
| 003 - CONTROL NUMBER IDENTIFIER | |
| control field | AM-YeHGA |
| 040 ## - CATALOGING SOURCE | |
| Original cataloging agency | AM-YeHGA |
| 090 ## - LOCALLY ASSIGNED LC-TYPE CALL NUMBER (OCLC); LOCAL CALL NUMBER (RLIN) | |
| -- | 431397 |
| 005 - DATE AND TIME OF LATEST TRANSACTION | |
| control field | 20250617155226.0 |
| 008 - FIXED-LENGTH DATA ELEMENTS--GENERAL INFORMATION | |
| fixed length control field | 131216s1906 ||| r 000 0 rus d |
| 041 1# - LANGUAGE CODE | |
| Language code of text/sound track or separate title | rus |
| Language code of original | eng |
| 100 1# - MAIN ENTRY--PERSONAL NAME | |
| Personal name | Бэн, Александер, |
| Dates associated with a name | 1818-1903 |
| 245 10 - TITLE STATEMENT | |
| Title | Психология / |
| Statement of responsibility, etc. | А. Бэн, проф. Эбердинск. ун-та. |
| 260 ## - PUBLICATION, DISTRIBUTION, ETC. | |
| Place of publication, distribution, etc. | Москва : |
| Name of publisher, distributor, etc. | Изд. М. Н. Прокоповича, |
| Date of publication, distribution, etc. | 1902- |
| -- | 1906. |
| 300 ## - PHYSICAL DESCRIPTION | |
| Extent | Том ; |
| Dimensions | 22 см. |
| 505 10 - FORMATTED CONTENTS NOTE | |
| Miscellaneous information | Т. 1, [кн. 1-2] (Тип. И.А. Баландина, 1902, XXXIV, 422 с. : ил.) / |
| Statement of responsibility | Пер. с англ. и предисл. Вл. Н. Ивановскаго. |
| 505 10 - FORMATTED CONTENTS NOTE | |
| Miscellaneous information | Т. 2, [кн. 3-4] (1906, XIV, 301, 104 с.) / |
| Statement of responsibility | Пер. с англ., под ред. и c предисл. А.С. Белкина. |
| 650 14 - SUBJECT ADDED ENTRY--TOPICAL TERM | |
| Topical term or geographic name entry element | Психология |
| 650 14 - SUBJECT ADDED ENTRY--TOPICAL TERM | |
| Topical term or geographic name entry element | Эмоции. Чувства |
| 650 14 - SUBJECT ADDED ENTRY--TOPICAL TERM | |
| Topical term or geographic name entry element | Выражение чувств |
| 700 1# - ADDED ENTRY--PERSONAL NAME | |
| Personal name | Ивановский, Владимир Николаевич, |
| Relator term | пер. |
| Relationship | trl |
| Relator term | авт. предисл. |
| Relationship | aui |
| 700 1# - ADDED ENTRY--PERSONAL NAME | |
| Personal name | Белкин, Алексей Сергеевич |
| Relator term | пер. |
| Relationship | trl |
| Relator term | авт. предисл. |
| Relationship | aui |
| Relator term | ред. |
| Relationship | edt |
| 942 ## - ADDED ENTRY ELEMENTS (KOHA) | |
| Source of classification or shelving scheme | Universal Decimal Classification |
| Koha item type | Գրքեր / Books |
| Withdrawn status | Lost status | Source of classification or shelving scheme | Damaged status | Not for loan | Collection | Home library | Current library | Date acquired | Serial enumeration / chronology | Total checkouts | Full call number | Barcode | Date last seen | Price effective from | Koha item type | Public note |
|---|---|---|---|---|---|---|---|---|---|---|---|---|---|---|---|---|
| Universal Decimal Classification | General | Fundamental Scientific Library | Fundamental Scientific Library | 01/04/2019 | Т. 2 | РД II/54911 | FL0569229 | 01/04/2019 | 01/04/2019 | Գրքեր / Books | 30 Days Loan |
ՀՀ Գիտությունների ազգային ակադեմիայի հիմնարար գիտական գրադարան = Fundamental Scientific Library of NAS RA
All site content, except where otherwise noted, is licensed under a